=LDR 00000nam 2200000 4500 =001 INLIS000000000026631 =990 ##$$a 20704928 =005 20130612125047 =990 ##$$a 0001/BPAP-NTB/2015 =008 ***********************************Ind** =990 ##$$a 0001/BPAP-NTB/2015 =035 ##$$0010-061300000026631 =041 ##$$a Ind =082 ##$$a 495.6 =090 ##$$a 495.6, Har b =100 ##$$a Harrykens, Nino =245 ##$$a Bahasa jepang tingkat menengah, Nini Harrykens =260 ##$$a 2004 $b Jakarta =300 ##$$a vi, 176 hlm, 27 cm =650 ##$$a Bahasa jepang =850 ##$$a NBPNMAT =990 ##$$a 0001/BPAP-NTB/2015 =990 ##$$a 0001/BPAP-NTB/2015 =990 ##$$a 24612461 =990 ##$$a 20704928 =990 ##$$a 0001/BPAP-NTB/2015 =990 ##$$a 0001/BPAP-NTB/2015